书目信息 |
| 题名: |
人工防雹导论
|
|
| 作者: | 黄美元 编著 | |
| 分册: | ||
| 出版信息: | 北京 科学出版社 1980 |
|
| 页数: | 204页 | |
| 开本: | 26cm | |
| 丛书名: | ||
| 单 册: | ||
| 中图分类: | P48 | |
| 科图分类: | ||
| 主题词: | 防雹 | |
| 电子资源: | ||
| ISBN: | ||
| 000 | 00643nam0 2200241 45 | |
| 001 | 0180009889 | |
| 005 | 20040521152022.1 | |
| 010 | @dCNY2.10 | |
| 091 | @a13031.1353 | |
| 100 | @a19950627d1980 emky0chiy0121 ea | |
| 101 | 0 | @achi |
| 102 | @aCN@b110000 | |
| 105 | @ay z 000yy | |
| 106 | @ar | |
| 200 | 10 | @a人工防雹导论@Aren gong fang bao dao lun@f黄美元等编著@FHuang Mei Yuan Deng Bian Zhu |
| 210 | @a北京@c科学出版社@d1980 | |
| 215 | @a204页@d26cm | |
| 606 | @a防雹 | |
| 690 | @aP48@v3 | |
| 701 | 0 | @a黄美元@Ahuang mei yuan@4编著 |
| 801 | 0 | @aCN@b上海图书馆@c20040521 |
| 801 | 2 | @aCN@bNLC@c20040521 |
| 905 | @f1@b209983@dP48@e22 | |
| 人工防雹导论/黄美元等编著.-北京:科学出版社,1980 |
| 204页;26cm |
| ISBN :CNY2.10 |
| ● |
| 相关链接 |
|
|
|
|
正题名:人工防雹导论
索取号:P48/22
 
预约/预借
| 序号 | 登录号 | 条形码 | 馆藏地/架位号 | 状态 | 备注 |
| 1 | 0209983 | 000627003 | 第三借阅区/ [索取号:P48/22] | 在馆 | |
| 2 | 0209984 | 000627012 | 第二样本阅览室/ [索取号:P48/22] | 在馆 |